Most developed African nations - Statistics

General Stats
  • This quiz has been taken 41 times
  • The average score is 11 of 15
Answer Stats
Hint Answer % Correct
6 Egypt
97%
9 South africa
97%
8 Algeria
95%
11 Morocco
95%
5 Tunisia
92%
2 Mauritius
87%
14 Libya
85%
7 Botswana
82%
4 Seychelles
82%
1 Cape verde
74%
12 Equatorial guinea
62%
13 Zambia
56%
3 Gabon
54%
15 Cameroon
44%
10 Gambia
44%
No matching quizzes found
Score Distribution
Percent of People with Each Score
Percentile by Number Answered
Your Score History
You have not taken this quiz